000 00300nam a22001217a 4500
003 SGT
082 _a677
_bT15B
100 _aBLACK, SANDY
245 _aTHE ART OF KNITTING INSPIRATION OF STITCHES TEXTURES AND SURFACES
260 _aLONDON
_bTHAMES & HUDON
_c2015
300 _a318
942 _2ddc
_cBK
999 _c17226
_d17226